List of members (Record no. 105148)

MARC details
000 -LEADER
fixed length control field 00473cam a2200169 4500
001 - CONTROL NUMBER
control field ##L132481
008 - FIXED-LENGTH DATA ELEMENTS--GENERAL INFORMATION
fixed length control field 060213n1948 000 0 eng u
035 ## - SYSTEM CONTROL NUMBER
System control number (Sirsi) u132481
041 0# - LANGUAGE CODE
Language code of text/sound track or separate title eng
050 04 - LIBRARY OF CONGRESS CALL NUMBER
Classification number 333.332025 $2 22
110 2# - MAIN ENTRY--CORPORATE NAME
Corporate name or jurisdiction name as entry element Incorporated Society of Auctioneers and Landed Property Agents
9 (RLIN) 4878
245 00 - TITLE STATEMENT
Title List of members
Remainder of title 1948
260 ## - PUBLICATION, DISTRIBUTION, ETC.
Place of publication, distribution, etc. [S.l.]
Name of publisher, distributor, etc. [s.n.]
Date of publication, distribution, etc. 1948
300 ## - PHYSICAL DESCRIPTION
Extent 198p.
Dimensions 21cm.
690 ## - LOCAL SUBJECT ADDED ENTRY--TOPICAL TERM (OCLC, RLIN)
Topical term or geographic name as entry element ABOUT RICS-RELATED ORGANISATIONS
942 ## - ADDED ENTRY ELEMENTS (KOHA)
Suppress in OPAC 0
Holdings
Withdrawn status Lost status Source of classification or shelving scheme Damaged status Not for loan Home library Current library Shelving location Date acquired Total Checkouts Full call number Barcode Date last seen Copy number Price effective from Koha item type
    Dewey Decimal Classification     London London RICS Boxes 13/02/2006   ISVA/14 30071631 06/08/2019 1 06/08/2019 Reference material